Metal Song Synonyms - Statistics

General Stats
  • This quiz has been taken 16 times
  • The average score is 5 of 14
Answer Stats
Hint Answer % Correct
Destroying the Rules Breaking the Law
79%
Hen Rooster
64%
Planet Consumer World Eater
57%
Divine Plunger Holy Diver
43%
Queen of the Evening Princess of the Night
43%
Ocean of Craziness Sea of Madness
43%
Quartz Sphere Crystal Ball
36%
Hurricane of Spirits Tornado of Souls
36%
Don't Set the Wizard On Fire Don't Burn the Witch
29%
Sneaking Fate Creeping Death
21%
On the Bottom of a Snake Star Under a Serpent Sun
21%
Armageddon Metropolis Apocalyptic City
14%
Representative Symbolic
14%
Diagnosis of the Cosmos Symptom of the Universe
14%
No matching quizzes found
Score Distribution
Percent of People with Each Score
Percentile by Number Answered
Your Score History
You have not taken this quiz